10 questions sur l'Albanie - Statistiques

Statistiques générales
  • Ce quiz a été pris 82 fois
  • Le résultat moyen est 7 sur 10
Statistiques - réponses
Question Réponse % Correct
Quelle est la capitale? Tirana
99%
Sur quel continent? Europe
96%
L'Albanie était sous contrôle Ottoman Vrai
86%
Quelle est la carte?
84%
Quel pays était (entièrement) une partie de l'Albanie? Le Kosovo
74%
A quelle date l'Albanie est-elle devenue indépendante? 28 novembre 1912
69%
Dans quel contexte? Les guerres balkaniques
57%
Comment s'appelle l'IA qui sert de ministre? Diella
47%
Par qui? Ismaël Qemal
40%
Ministre dans quel domaine? Ministre des Marchés Publics
20%
Aucun quiz correspondant
Distribution des résultats
% des personnes avec chaque résultat
Percentile par nombre de réponses
Votre historique - résultats
Vous n’avez pas pris ce quiz